00930nam a22001815i 4500001000700000003000900007005001700016008004100033040001800074100004300092245009500135260009300230300002100323594009500344852016700439999001900606952012300625165156ES-MaACL20251014063240.0991011s1880 sp |||| | spa d aAS bspa cAS1 aSellés, Eugenio, d1842-1926914593313aEl cielo ó El suelo b: drama en tres actos y en verso / coriginal de Eugenio Sellés. aMadrid : b[Administración Lírico-Dramática, c1880 (fTipografía de G. Estrada) a78 p. ; c19 cm. aEn port.: Representado por primera vez en el Teatro Español de Madrid, en enero de 1880. aES-MaACLjF-8649(4) z-- Enc. hol. conservando la cub. original z.- Enc. en un vol. facticio formando parte de la col. facticia "Teatro español moderno" v. 108 c165156d165156 001040708LIBXIXaATENEOMbATENEOMcSPP2d2008-01-17l0oF-8649(4)p1173172r2023-02-23 00:00:00w2023-02-23yMONANT